| 000 | 00384 a2200145 4500 | ||
|---|---|---|---|
| 001 | 72240 | ||
| 020 | _a | ||
| 040 | _cAnchieta - Colégio São Paulo | ||
| 240 | 1 | 0 |
_aA serpente branca; O isqueiro mágico; João e Maria _lpor |
| 245 | 1 | 0 | _aA serpente branca; O isqueiro mágico; João e Maria |
| 300 | _a[11p.] | ||
| 362 | 0 | _a0 | |
| 650 | 4 | _aLiteratura infanto-juvenil | |
| 942 | _cBK | ||
| 999 |
_c72240 _d72240 |
||